[Event "POL-chT3 Wielkopolska 1112"]
[Site "Poland"]
[Date "2012.??.??"]
[Round "6.34"]
[White "Kudlinski, Zbigniew"]
[Black "Zielinski, Tadeusz"]
[Result "0-1"]
[WhiteElo "1647"]
[BlackElo "1806"]
[PlyCount "148"]
[EventDate "2011.11.27"]
[EventType "team-tourn"]
[EventRounds "11"]
[EventCountry "POL"]
[SourceTitle "EXT 2014"]
[Source "ChessBase"]
[SourceDate "2013.11.20"]
[SourceVersion "1"]
[SourceVersionDate "2013.11.20"]
[SourceQuality "1"]
[WhiteTeam "Witkowo Jurand"]
[BlackTeam "Poznan Lech"]
[WhiteTeamCountry "POL"]
[BlackTeamCountry "POL"]

1. e4 e6 2. d4 d5 3. exd5 exd5 4. Bd3 Nf6 5. Ne2 Be7 6. 0-0 0-0 7. Bf4 Bg4 8. f3 Bh5 9. b3 c6 10. c4 Nbd7 11. Nd2 Re8 12. c5 Bg6 13. Bxg6 hxg6 14. Re1 Nh5 15. b4 Nxf4 16. Nxf4 Bf6 17. Nb3 Qc7 18. Nd3 g5 19. Nf2 Qf4 20. Qd3 g6 21. g3 Qf5 22. Qd2 Qxf3 23. Rf1 Re2 24. Qd3 Qxd3 25. Nxd3 Re4 26. Rae1 Bxd4+ 27. Kg2 Bc3 28. Rb1 Re2+ 29. Rf2 Rxf2+ 30. Kxf2 b6 31. Rc1 d4 32. a4 bxc5 33. Nbxc5 Nxc5 34. bxc5 Rd8 35. Rb1 Rd7 36. Rb8+ Kg7 37. Rc8 a5 38. Rxc6 Bb4 39. Rc8 Re7 40. c6 Re3 41. Nb2 Rc3 42. Nd1 Rc2+ 43. Kf1 d3 44. c7 Rc1 45. Kg2 Bd6 46. Rd8 Bxc7 47. Rxd3 Rc4 48. Rc3 Rxc3 49. Nxc3 f5 50. h3 Bd6 51. Kf3 Bb4 52. Nd5 Bd2 53. Nb6 Kf7 54. Nc4 Bc3 55. Ke3 Ke6 56. Kd3 Bb4 57. Kd4 g4 58. hxg4 fxg4 59. Ke4 g5 60. Ne3 Be1 61. Nxg4 Bxg3 62. Ne3 Be1 63. Ng4 Bd2 64. Ne5 Bc3 65. Ng4 Kd6 66. Kd3 Bb4 67. Kd4 Ke6 68. Ke4 Bc5 69. Ne5 Bb4 70. Ng4 Kd6 71. Kd4 Bd2 72. Kd3 Bc1 73. Kd4 Bf4 74. Nf6 Be5+ 0-1

[Event "POL-chT3 Wielkopolska 1112"]
[Site "Poland"]
[Date "2012.??.??"]
[Round "5.5"]
[White "Simon, Marek"]
[Black "Zielinski, Tadeusz"]
[Result "1-0"]
[WhiteElo "1813"]
[BlackElo "1806"]
[PlyCount "103"]
[EventDate "2011.11.27"]
[EventType "team-tourn"]
[EventRounds "11"]
[EventCountry "POL"]
[SourceTitle "EXT 2014"]
[Source "ChessBase"]
[SourceDate "2013.11.20"]
[SourceVersion "1"]
[SourceVersionDate "2013.11.20"]
[SourceQuality "1"]
[WhiteTeam "Srem LKS Piast"]
[BlackTeam "Poznan Lech"]
[WhiteTeamCountry "POL"]
[BlackTeamCountry "POL"]

1. e4 e6 2. Qe2 Nc6 3. Nf3 Nge7 4. Nc3 Ng6 5. d4 Be7 6. Be3 d5 7. exd5 exd5 8. Qd2 a6 9. a3 0-0 10. g3 Be6 11. h4 Bf6 12. Bd3 Re8 13. Ne2 Bg4 14. Nh2 Bxe2 15. Bxe2 Qe7 16. 0-0-0 Bxd4 17. Bxd4 Nxd4 18. Qxd4 Qxe2 19. Rd2 Qe4 20. Qxd5 Qxd5 21. Rxd5 Rad8 22. Rxd8 Rxd8 23. Re1 Kf8 24. h5 Ne7 25. c3 f6 26. Ng4 Kf7 27. Re3 Nc6 28. Rf3 h6 29. Kc2 Rd5 30. Rd3 Ke6 31. Rxd5 Kxd5 32. Kd3 Ne5+ 33. Nxe5 Kxe5 34. c4 c5 35. b4 b6 36. Ke3 Kf5 37. f3 Ke5 38. f4+ Kf5 39. bxc5 bxc5 40. Kf3 Ke6 41. g4 Kd6 42. Ke3 Ke6 43. Ke4 a5 44. a4 f5+ 45. gxf5+ Kf6 46. Kd5 Kxf5 47. Kxc5 Kxf4 48. Kd6 Kf5 49. c5 g5 50. hxg6 Kxg6 51. c6 h5 52. c7 1-0

[Event "POL-chT3 Wielkopolska 1112"]
[Site "Poland"]
[Date "2012.??.??"]
[Round "4.11"]
[White "Szymanski, Leszek"]
[Black "Zielinski, Tadeusz"]
[Result "1/2-1/2"]
[WhiteElo "1795"]
[BlackElo "1806"]
[PlyCount "92"]
[EventDate "2011.11.27"]
[EventType "team-tourn"]
[EventRounds "11"]
[EventCountry "POL"]
[SourceTitle "EXT 2014"]
[Source "ChessBase"]
[SourceDate "2013.11.20"]
[SourceVersion "1"]
[SourceVersionDate "2013.11.20"]
[SourceQuality "1"]
[WhiteTeam "Poznan Komandoria"]
[BlackTeam "Poznan Lech"]
[WhiteTeamCountry "POL"]
[BlackTeamCountry "POL"]

1. d4 e6 2. c4 d5 3. Nc3 Nf6 4. Bg5 Be7 5. Nf3 0-0 6. e3 Nbd7 7. Qc2 h6 8. Bf4 Bd6 9. Bxd6 cxd6 10. cxd5 Nxd5 11. Nxd5 exd5 12. Bd3 Nb6 13. 0-0 Bg4 14. Nd2 Rc8 15. Qb3 Be6 16. Rfc1 Qe7 17. Qa3 Rxc1+ 18. Rxc1 Rc8 19. Rxc8+ Nxc8 20. Qc3 Nb6 21. b3 Qd8 22. a4 Qc8 23. Nb1 Qxc3 24. Nxc3 a6 25. f4 f5 26. Be2 Kf7 27. Bf3 g5 28. a5 g4 29. axb6 gxf3 30. gxf3 Kg6 31. Kf2 Kf6 32. Na2 Ke7 33. Nc3 Kd7 34. e4 fxe4 35. fxe4 dxe4 36. d5 Bf5 37. Ke3 Ke7 38. Nxe4 Bxe4 39. Kxe4 Kf6 40. b4 Kg6 41. h4 h5 42. f5+ Kf7 43. Ke3 Ke7 44. Kf3 Kf7 45. Ke4 Kg7 46. Kd4 Kf7 1/2-1/2

[Event "POL-chT3 2010/11"]
[Site "Wielkopolska"]
[Date "2011.04.15"]
[Round "10"]
[White "Szymanski, Leszek"]
[Black "Zielinski, Tadeusz"]
[Result "0-1"]
[WhiteElo "1829"]
[BlackElo "1806"]
[PlyCount "74"]
[EventDate "2010.11.28"]
[EventType "team-tourn"]
[EventRounds "11"]
[EventCountry "POL"]
[SourceTitle "EXT 2019"]
[Source "ChessBase"]
[SourceDate "2018.10.10"]
[SourceVersion "1"]
[SourceVersionDate "2018.10.10"]
[SourceQuality "1"]
[WhiteTeam "Poznan Komandoria"]
[BlackTeam "Poznan Lech"]
[WhiteTeamCountry "POL"]
[BlackTeamCountry "POL"]

1. b4 d5 2. Bb2 Bf5 3. e3 e6 4. Nf3 Nf6 5. a3 c5 6. b5 Be7 7. Be2 Nbd7 8. 0-0 0-0 9. d3 Rc8 10. c4 h6 11. Nbd2 Nb6 12. Qb3 Bg4 13. h3 Bh5 14. Bd1 Qc7 15. Ne5 Bxd1 16. Raxd1 Bd6 17. f4 Rfd8 18. Ndf3 Be7 19. a4 dxc4 20. dxc4 Rxd1 21. Rxd1 Rd8 22. a5 Rxd1+ 23. Qxd1 Nbd7 24. a6 bxa6 25. bxa6 Nb8 26. Nd3 Nxa6 27. Qa4 Nb4 28. Bxf6 gxf6 29. Qe8+ Kg7 30. Nf2 Qd8 31. Qa4 a6 32. Qb3 Qd7 33. Qc3 a5 34. g4 a4 35. h4 Kg8 36. g5 hxg5 37. hxg5 fxg5 0-1

[Event "POL-chT3 2010/11"]
[Site "Wielkopolska"]
[Date "2011.02.14"]
[Round "6"]
[White "Grabowski, Dariusz"]
[Black "Zielinski, Tadeusz"]
[Result "1-0"]
[WhiteElo "1799"]
[BlackElo "1806"]
[PlyCount "89"]
[EventDate "2010.11.28"]
[EventType "team-tourn"]
[EventRounds "11"]
[EventCountry "POL"]
[SourceTitle "EXT 2019"]
[Source "ChessBase"]
[SourceDate "2018.10.10"]
[SourceVersion "1"]
[SourceVersionDate "2018.10.10"]
[SourceQuality "1"]
[WhiteTeam "Konin Hetman"]
[BlackTeam "Poznan Lech"]
[WhiteTeamCountry "POL"]
[BlackTeamCountry "POL"]

1. c4 c5 2. Nc3 Nc6 3. g3 g6 4. Bg2 Bg7 5. e3 Nf6 6. Nge2 e6 7. d4 cxd4 8. exd4 d5 9. cxd5 Nxd5 10. Nxd5 exd5 11. 0-0 Be6 12. Be3 0-0 13. Qd2 Rc8 14. Rac1 Qd7 15. Nf4 Rfd8 16. Nxe6 fxe6 17. Rc2 Ne7 18. Rfc1 Rxc2 19. Rxc2 Rc8 20. Bh3 Nf5 21. Bxf5 exf5 22. Rxc8+ Qxc8 23. Qa5 Qd7 24. Qxa7 h6 25. Qb6 Kh7 26. b4 g5 27. b5 Qe7 28. Qc5 Qe4 29. Qc1 Bxd4 30. Bxd4 Qxd4 31. Qc7+ Kg6 32. Qxb7 Qd1+ 33. Kg2 f4 34. Qc6+ Kg7 35. Qd7+ Kg6 36. Qe6+ Kg7 37. gxf4 g4 38. Qe3 d4 39. Qe7+ Kg6 40. Qe4+ Kh5 41. b6 d3 42. b7 d2 43. b8Q Qf3+ 44. Qxf3 gxf3+ 45. Kg3 1-0